| 000 | 00362nam a22001217a 4500 | ||
|---|---|---|---|
| 020 | _a9789696401520 | ||
| 082 |
_a297.57 _bMOG |
||
| 100 | _aMoghed, Yasmin | ||
| 245 |
_aReclaim your Heart: _bpersonal insights on breaking free life's shackle / _cYasmin Moghed |
||
| 260 |
_aU.S.A : _bFB Publishing, _c2015. |
||
| 300 |
_a192 p. ; _c22 cm. |
||
| 942 |
_2ddc _cBK |
||
| 999 |
_c592627 _d592627 |
||